નાગરિક જીવન ભાગ પહેલી ધોરણ અગિયાર માટે
Nāgarika jīvana Bhāga pahēlī Dhōraṇa agiyāra māṭē

Gespeichert in:
Bibliographische Detailangaben
1. Verfasser: Kāṇakiyā, Amīdāsa Paramāṇandadāsa (VerfasserIn)
Weitere Verfasser: Tārakasa, Guṇavanta Ṭhākōradāsa (BerichterstatterIn)
Format: Buch
Sprache:Gujarati
Erschienen: Mumba'i Janarala Buka Ḍīpō [ca. 1969]
Katalog:GEI:  Suchergebnis im Bibliothekskatalog
Schulbuchspezifische Eigenschaften:
Schlagworte:
Tags: Tag hinzufügen
Keine Tags, Fügen Sie den ersten Tag hinzu!
Hinzugefügt zu:18.04.2014
Geändert in:30.03.2013

MARC

LEADER 00000cam a2200000 cc4500
001 783460430
003 DE-627
005 20260205173124.0
007 tu
008 140419s1969 ii ||||| 00| ||guj c
035 |a (DE-627)783460430 
035 |a (DE-599)GBV783460430 
040 |a DE-627  |b ger  |c DE-627  |e rakwb 
041 |a guj 
044 |c XB-IN 
084 |a 30  |2 ssgn 
084 |a f2013:0312  |2 isced 
084 |a f2013:0314  |2 isced 
084 |a p2011:2  |2 isced 
100 1 |6 880-01  |a Kāṇakiyā, Amīdāsa Paramāṇandadāsa  |e verfasserin  |4 aut 
242 1 0 |a Für die 11. Klasse. - For the 11th grade  |y guj 
245 1 0 |6 880-01  |a Nāgarika jīvana  |n Bhāga pahēlī  |p Dhōraṇa agiyāra māṭē  |c Amīdāsa Paramāṇandadāsa Kāṇakiyā; Guṇavanta Ṭhākōradāsa Tārakasa 
264 1 |6 880-01  |a Mumba'i  |b Janarala Buka Ḍīpō  |c [ca. 1969] 
300 |a 120 S.  |b Ill. 
336 |a Text  |b txt  |2 rdacontent 
337 |a ohne Hilfsmittel zu benutzen  |b n  |2 rdamedia 
338 |a Band  |b nc  |2 rdacarrier 
546 |a In Gujarati-Schr., Text in Gujarati 
583 1 |a Archivierung prüfen  |c 20240324  |f DE-4165  |z 1  |2 pdager 
655 7 |a Schulbuch  |0 (DE-588)4053458-3  |0 (DE-627)104383704  |0 (DE-576)209103922  |2 gnd-content 
689 0 0 |D s  |0 (DE-588)4055852-6  |0 (DE-627)106156632  |0 (DE-576)209115645  |a Sozialkundeunterricht  |2 gnd 
689 0 1 |D s  |0 (DE-588)4076231-2  |0 (DE-627)106083392  |0 (DE-576)209201266  |a Politischer Unterricht  |2 gnd 
689 0 2 |D s  |0 (DE-588)4054365-1  |0 (DE-627)106162993  |0 (DE-576)209108401  |a Sekundarstufe 1  |2 gnd 
689 0 3 |D g  |0 (DE-588)4026722-2  |0 (DE-627)104585129  |0 (DE-576)208967699  |a Indien  |2 gnd 
689 0 |5 (DE-627) 
700 1 |6 880-01  |a Tārakasa, Guṇavanta Ṭhākōradāsa  |4 oth 
773 1 8 |w (DE-627)783460392  |w (DE-576)9783460390  |g [Teil 4, Schülerbd.]  |q 4,S.1969  |7 nnam 
880 1 |6 100-01/Gujr  |a કાણકિયા, અમીદાસ પરમાણંદદાસ  |e VerfasserIn  |4 aut 
880 1 0 |6 245-01/Gujr  |a નાગરિક જીવન  |n ભાગ પહેલી  |p ધોરણ અગિયાર માટે  |c અમીદાસ પરમાણંદદાસ કાણકિયા; ગુણવંત ઠાકોરદાસ તારકસ 
880 1 |6 264-01/Gujr  |a મુંબઇ  |b જનરલ બુક ડીપો  |c [ca. 1969] 
880 1 |6 700-01/Gujr  |a તારકસ, ગુણવંત ઠાકોરદાસ  |4 oth 
912 |a GBV_ILN_216 
912 |a ISIL_DE-Bs78 
912 |a SYSFLAG_1 
912 |a GBV_KXP 
951 |a MV 
980 |2 216  |1 01  |x 3708  |b 1468848917  |c 00  |f --%%--  |d IND S-305(1,69)4  |e u  |j --%%--  |h 082.70.0305.0004.00.1969.001.  |y zsb  |z 31-03-13 
983 |2 216  |1 00  |x DE-Bs78  |8 00  |a l082 
983 |2 216  |1 00  |x DE-Bs78  |8 00  |a z503 
983 |2 216  |1 00  |x DE-Bs78  |8 00  |a dsb 
984 |2 216  |1 01  |x 3708  |a BS78$11767219 
985 |2 216  |1 01  |x 3708  |a 2014/2359 
995 |2 216  |1 01  |x 3708  |a 082.70.0305.0004.00.1969.001.